Standard BASIC programming for business and management applications /

Guardado en:
Autor Principal: Quasney, James S.
Otros Autores: Maniotes, John.
Formato: Libro
Idioma:English
Publicado: San Francisco : Boyd & Fraser Pub. Co., c1980.
Series:Computer science series
Materias:
Etiquetas: Agregar Etiqueta
Sin Etiquetas, Sea el primero en etiquetar este registro!
LEADER 00908cam a22002535a 4500
001 EIQ.libpla000054
008 800415s1980####caua##########001#0#eng#d
005 20060829153954.0
245 1 0 |a Standard BASIC programming for business and management applications /  |c James S. Quasney, John Maniotes. 
260 |a San Francisco :  |b Boyd & Fraser Pub. Co.,  |c c1980. 
300 |a xx, 408 p. :  |b il. ;  |c 26 cm. 
490 0 |a Computer science series 
500 |a Incluye índice. 
020 |a 0878350810 
100 1 |a Quasney, James S. 
700 1 |a Maniotes, John. 
082 0 0 |a 001.64/24 
650 4 |a BASIC (Lenguaje programación de computadores)  |x Teoría. 
650 4 |a Negocios  |x Procesamiento de datos. 
650 4 |a BASIC (Computer program language)  |x Theory. 
650 4 |a Business  |x Data processing. 
010 |a  80065168  
040 |a DLC  |c DLC  |d AR-BbSID 
859 |a AR-BbSID  |b BIB. PLAPIQUI  |h 001.642  |i Qu 2  |p 2597